Statistics for Dutch Vocabulary

Click here to take the quiz!

General Stats

  • This quiz has been taken 746 times
  • The average score is 33 of 53

Answer Stats

Dutch English % Correct
KindChild
90%
MarktMarket
86%
MuisMouse
85%
HartHeart
85%
LangLong
84%
LekkerTasty
84%
OnderUnder
81%
AapMonkey
81%
PannenkoekPancake
80%
BinnenInside
79%
BuitenOutside
79%
BriefLetter
78%
NegenNine
77%
AandeelShare
77%
DingThing
77%
HonderdHundred
76%
GisterenYesterday
76%
EngelAngel
75%
EindeEnd
74%
RegenRain
74%
MinderLess
72%
FeestParty
71%
NagelNail
69%
TandTooth
67%
PaleisPalace
67%
KansChance
67%
SteenStone
66%
VingerFinger
64%
DoofDeaf
63%
AfvalTrash
63%
WorstSausage
62%
HersenenBrain
62%
GansGoose
61%
WinnaarWinner
61%
RaarStrange
61%
NootNut
57%
StaartTail
55%
KaarsCandle
55%
VrachtwagenTruck
52%
WakkerAwake
52%
VolgerFollower
51%
TeenToe
51%
TraanTear
50%
PogingTry
45%
RandEdge
42%
OkselArmpit
38%
EgelHedgehog
33%
FluitWhistle
27%
SpatelSpatula
23%
LuiaardSloth
22%
GordeldierArmadillo
17%
DistelThistle
16%
OverigRemaining
9%

Score Distribution

Percentile by Number Answered

Percent of People with Each Score

Your Score History

You have not taken this quiz